000
00304nam a2200097Ia 4500
082
_a
306,461092 REED
245
0
_a
A sangoma's story : the calling of Elliot Ndlovu
100
_a
Reeder, Melanie Johannesburg, South Africa, 2011
_9
42613
942
_c
BK
008
210817s9999 xx 000 0 und d
999
_c
240877
_d
240876